02091nam a2200337 a 450000100100000000500170001000800410002704000250006808200210009310000550011424501720016926000630034130000450040450001150044950000550056450101240061950400740074356300670081760000410088465100420092565100640096765100620103170000430109374000300113674000350116691000410120195201310124295201830137395201800155699900170173600001399520240302073956.0091202t1936 dr 011 0bspa d aDO-SdBNPbspacBNPHU a923.57293bG633M1 aMejía de Fernández, Abigail,d1895-194192331210aVida de Máximo Gómez en Santo Domingo ;bLa familia de Máximo Gómez, Cartas de Máximo Gómez /cAbigail Mejía de Fernández, Emilio Rodríguez Demorizi. aCiudad Trujillo, República Dominicana :bCaribes,c1936. a71, 111, 71 p. :bil., gráf. ;c22 cm. a"Contribución a la biografía del libertador en la conmemoración de su centenario (noviembre 1836-1936)". aIncluye árbol genealógico de Máximo Gómez. aEncuadernado con: La familia de Máximo Gómez -- Cartas a Máximo Gómez / compilador Emilio Rodríguez Demorizi. aIncluye referencias bibliográficas y notas al pie de las páginas. aTres obras encuadernadas juntas con paginación independiente10aGómez, Máximo,d1836-1905912249 4aRepública DominicanaxHistoria9170 4aCubaxHistoriaxGuerra De Los Diez Años, 1868-1878931666 4aCubaxHistoriaxGuerra De Independencia, 1895-189893166712aRodríguez, Emilio Rodríguez93166832aCartas a Máximo Gómez32aLa familia de Máximo Gómez aValidado. Control de calidad MMOLINA 001154708RVaGRbGRcMId2011-07-20iLF1l0o923.57293 G633Mp13995-30r2020-06-25te. 3w2020-06-25y4ZPréstamo en sala 001150718RVaPDbPDcMId2011-07-20iLF1l0o923.57293 G633Mp13995-20r2020-06-25te. 2w2020-06-25y1zPerteneció a la bilioteca personal de Martínez Boog.ZNo se presta 001050718RVaPDbPDcHDd2009-12-02iLF1l0o923.57293 G633mp13995-10r2020-06-25w2020-06-25y1zPerteneció a la biblioteca personal de Julio Ortega FrierZNo se presta c13599d13599